01388nam a2200169Ia 4500001001300000003001000013008004100023040002500064041000700089100001500096245007800111250001100189260002900200300001200229500091700241650006001158b5861-39976 IT-MiCISF161014s9999||||xx |||||||||||||| ||und|| aIT-MiCISFcIT-MiCISF ait aPati Luigi 0aProgettare la vitabItinerari di educazione al matrimonio e alla famiglia a1a ed. aBresciabLa Scuolac2004 app. 309 a / educazione, matrimonio, educazione-familiare, rapporti-intergenerazionali, giovani, innamoramento, fidanzamento, genitorialità, famiglia-con-handicap, malattie-mentali, vedovanza / Il legame d'amore tra un uomo e una donna, concepito come radice del sistema familiare più ampio, poggia anche e soprattutto sul desiderio profondo dell'Io di incontrare il Tu in tutta la sua ricchezza esistenziale. I capitoli di cui si compone il volume delineano una "progettualità evolutiva" vincolata al trascorrere del tempo, alle incognite dell'esistenza, alle difficoltà del vivere, con frequenti riferimenti a testimonianze raccolte soprattutto mediante il metodo narrativo. L'A. muove dalla convinzione che il discorso pedagogico può dare ulteriore forza alla propria dimensione normativa se si avvale di un processo di rilevazione del dato, e in riferimento ad esso impiega le proprie categorie ermeneutiche. a Genitorialità e problemi educativi / educazionee004